| 000 | 00673nam a2200229 4500 | ||
|---|---|---|---|
| 999 |
_c4925 _d4925 |
||
| 001 | 19247 | ||
| 003 | BD-DhUAP | ||
| 005 | 20201124143546.0 | ||
| 008 | 201124s2012 nyua|||| b||| 00| 0 eng d | ||
| 020 | _a9847019800006 | ||
| 040 |
_aBD-DhUAP _bEng _cBD-DhUAP _dBD-DhUAP |
||
| 082 |
_223 _a344.0416 AMR |
||
| 100 | _aAmran, Md. Shah. | ||
| 245 |
_aThe pharmaceutical regulatory affairs and standards / _cMd. Shah Amran. |
||
| 250 | _a1st ed. | ||
| 260 |
_aDhaka : _bKrishnachura, _cc2012. |
||
| 300 |
_a392 pages : _billustrations ; _c22 cm. |
||
| 650 | _aPharmacy. | ||
| 650 |
_aPharmacy _vLaw and legislation. |
||
| 650 |
_aDrugs _vLaw and legislation. |
||
| 942 |
_2ddc _cBK |
||